Q-Learning Clustered Based Routing Protocol for Underwater Wireless Sensor Network (Thesis MS) (Record no. 69106)

MARC details
000 -LEADER
fixed length control field 00419nam a22001217a 4500
100 ## - MAIN ENTRY--AUTHOR NAME
Personal name Ali Raza
-- 21-MSSE-03
-- Supervisor - Prof Dr. Mukhtiar Ahmed Memon
245 ## - TITLE STATEMENT
Title Q-Learning Clustered Based Routing Protocol for Underwater Wireless Sensor Network (Thesis MS)
260 ## - PUBLICATION, DISTRIBUTION, ETC. (IMPRINT)
Place of publication Nawabshah
Name of publisher QUEST
Year of publication 2025
300 ## - PHYSICAL DESCRIPTION
Number of Pages 97p.
700 ## - ADDED ENTRY--PERSONAL NAME
Personal name Department of Computer Science
942 ## - ADDED ENTRY ELEMENTS (KOHA)
Koha item type Thesis and Dissertation
Holdings
Withdrawn status Lost status Home library Current library Date acquired Accession Number Koha item type
    Research Section Research Section 29/06/2026 MP/101-1493 Thesis and Dissertation
    Research Section Research Section 29/06/2026 MP/101-1494 Thesis and Dissertation